Normal view
MARC view
Entry Personal Name
001 - CONTROL NUMBER
- control field: 49243
003 - CONTROL NUMBER IDENTIFIER
- control field: ARRUPE
005 - DATE AND TIME OF LATEST TRANSACTION
- control field: 20200131114840.0
008 - FIXED-LENGTH DATA ELEMENTS
- fixed length control field: 200131|| aca||aabn | a|a d
040 ## - CATALOGING SOURCE
- Original cataloging agency: ARRUPE
- Transcribing agency: ARRUPE
100 ## - HEADING--PERSONAL NAME
- Personal name: Lacey, Robert.
670 ## - SOURCE DATA FOUND
- Source citation: Work cat.: (ARRUPE)0: Lacey, Robert., The life and times of Henry VIII /, c1972